Southville International School and Colleges
Your cart is empty.
  • Cart
  • Lists
    Public lists Eva Luna New books Lux_list list_1
    Your lists Log in to create your own lists
  • Log in to your account
  • Your cookies
  • Search history
Southville International School and Colleges
  • Advanced search
  • Recent comments
  • Most popular
  • Libraries

Log in to your account

Log in with GOOGLE


If you do not have an external account, but do have a local account, you can still log in:

  1. Home
  2. MARC view: Get on board :
Normal view MARC view ISBD view

Get on board : (Record no. 344255)

[ view plain ]
MARC details
000 -LEADER
fixed length control field 00559nam a2200229Ia 4500
003 - CONTROL NUMBER IDENTIFIER
control field 20180611135332.0
005 - DATE AND TIME OF LATEST TRANSACTION
control field 20180611135548.0
008 - FIXED-LENGTH DATA ELEMENTS--GENERAL INFORMATION
fixed length control field 170918s9999 xx 000 0 und d
020 ## - INTERNATIONAL STANDARD BOOK NUMBER
International Standard Book Number 9780590454193
050 ## - LIBRARY OF CONGRESS CALL NUMBER
Item number H273 1993
100 ## - MAIN ENTRY--PERSONAL NAME
Personal name Haskins, Jim
245 ## - TITLE STATEMENT
Title Get on board :
Remainder of title the story of the underground railroad /
245 ## - TITLE STATEMENT
Statement of responsibility, etc by Jim Haskins.
260 ## - PUBLICATION, DISTRIBUTION, ETC. (IMPRINT)
Place of publication, distribution, etc New York :
260 ## - PUBLICATION, DISTRIBUTION, ETC. (IMPRINT)
Name of publisher, distributor, etc Scholastic,
260 ## - PUBLICATION, DISTRIBUTION, ETC. (IMPRINT)
Date of publication, distribution, etc 1993
300 ## - PHYSICAL DESCRIPTION
Extent 152 pages :
300 ## - PHYSICAL DESCRIPTION
Other physical details illustration ;
300 ## - PHYSICAL DESCRIPTION
Dimensions 19cm.
500 ## - GENERAL NOTE
General note 1180
942 ## - ADDED ENTRY ELEMENTS (KOHA)
Source of classification or shelving scheme Dewey Decimal Classification
Koha item type Books
Holdings
Withdrawn status Lost status Damaged status Home library Current library Shelving location Date acquired Source of acquisition Total Checkouts Full call number Barcode Date last seen Price effective from Koha item type
      Stonyhurst Southville International School (Malarayat) Stonyhurst Southville International School (Malarayat)   06/11/2018 Donation   GS FIC H273 1993 SSISM3327 09/18/2017 09/18/2017 Books

Get on board :

APA

Haskins J., .Get on board. New York: .

Chicago

Haskins Jim, .Get on board. New York: .

Harvard

Haskins J., .Get on board. New York: .

MLA

Haskins Jim, .New York: . .

  • Place hold
  • Print
  • Cite
  • Add to your cart (remove)
  • Save record
    BIBTEX Dublin Core MARCXML MARC (non-Unicode/MARC-8) MARC (Unicode/UTF-8) MARC (Unicode/UTF-8, Standard) MODS (XML) RIS
  • More searches
    Search for this title in:
    Other Libraries (WorldCat) Other Databases (Google Scholar) Online Stores (Bookfinder.com) Open Library (openlibrary.org)

Exporting to Dublin Core...

SOUTHVILLE LIBRARY

Southville International School and Colleges Library

1281 Tropical Ave. Cor. Luxembourg St., BF Homes International, Las Pinas City

Tel. No. 8256374 / 252358 Loc. 117/146

Powered by Koha